000 00540nam a2200241Ia 4500
008 210210b1830 xxu||||| |||| 00| 0 eng d
041 _aeng
082 _a911/10
100 _aELWOOD (C)
245 _aNarrative of journey overland from England to India II
260 _aLondon
_bT Fisher Unwin
_c1830
650 _ato
650 _aoverland
650 _aof
650 _aNarrative
650 _ajourney
650 _aIndia
650 _aII
650 _afrom
650 _aEngland
690 _aTravel
906 _a024681
999 _c150304
_d150304